| 000 | 00556nam a22002057a 4500 | ||
|---|---|---|---|
| 999 |
_c155 _d155 |
||
| 003 | OSt | ||
| 005 | 20190828124229.0 | ||
| 008 | 140709b xxu||||| |||| 00| 0 eng d | ||
| 020 | _a8123905548 | ||
| 040 | _cDNLM | ||
| 082 | _aQV25 S61p 1997 | ||
| 100 |
_aSinghal C.K _9411 |
||
| 245 |
_aPharmacolog Laboratoy Manual: expeimental _b |
||
| 250 | _a2nd ed, Vol 1 | ||
| 260 |
_aIndia: _bCBS Publishers and Disibutors; _c1997. |
||
| 300 |
_a66 p.: _bill _c24 cm. |
||
| 504 | _aIncludes no index | ||
| 650 |
_aPharmacology experiments _9357 |
||
| 942 |
_2z _cB_BANK |
||